История общественных движений и политических партий России: диссидентское и правозащитное движение в советском обществе (60-х - начало 80-х гг. XX в.) (Запись № 9950688)

Подробности
000 -МАРКЕР
контрольное поле 02139nam0a2200409 i 4500
001 - ИДЕНТИФИКАТОР ЗАПИСИ
контрольное поле RU\NLR\BIBL_A\010753334
005 - ИДЕНТИФИКАТОР ВЕРСИИ
контрольное поле 20260408191415.0
010 ## - МЕЖДУНАРОДНЫЙ СТАНДАРТНЫЙ НОМЕР КНИГИ (ISBN)
Номер (ISBN) 9785927513529
Тираж 50
021 ## - НОМЕР ГОСУДАРСТВЕННОЙ РЕГИСТРАЦИИ
Код страны российская федерация
Номер 2015-24635
Номер Листа государственной регистраци 1458
035 ## - ДРУГИЕ СИСТЕМНЫЕ НОМЕРА
Идентификатор записи (NILC)LIBNET\0000528852
035 ## - ДРУГИЕ СИСТЕМНЫЕ НОМЕРА
Идентификатор записи ROSTOV\BIBL\z0000815977
035 ## - ДРУГИЕ СИСТЕМНЫЕ НОМЕРА
Идентификатор записи (NLR Aleph) 010753334
100 ## - ДАННЫЕ ОБЩЕЙ ОБРАБОТКИ
Данные общей обработки 20150515d2014 u y0rusy50 ca
101 0# - ЯЗЫК РЕСУРСА
Язык текста, звукозаписи и т.д. русский
102 ## - СТРАНА ПУБЛИКАЦИИ ИЛИ ПРОИЗВОДСТВА
Страна публикации российская федерация
105 ## - ПОЛЕ КОДИРОВАННЫХ ДАННЫХ: ТЕКСТОВЫЕ МАТЕРИАЛЫ, МОНОГРАФИЧЕСКИЕ
Кодированные данные о монографическом текстовом документе y|||j|||000yy
200 1# - ЗАГЛАВИЕ И СВЕДЕНИЯ ОБ ОТВЕТСТВЕННОСТИ
Основное заглавие История общественных движений и политических партий России: диссидентское и правозащитное движение в советском обществе (60-х - начало 80-х гг. XX в.)
Сведения, относящиеся к заглавию учебник
Первые сведения об ответственности Л. И. Лакизо
Последующие сведения об ответственности М-во образования и науки Рос. Федерации, Федер. гос. автоном. образоват. учреждение высш. проф. образования "Юж. федер. ун-т"
210 ## - ПУБЛИКАЦИЯ, РАСПРОСТРАНЕНИЕ И ДР.
Место издания, распространения и т.д. Ростов-на-Дону
Имя издателя, распространителя и т. д. Издательство Южного федерального университета
Дата издания, распространения и т.д. 2014
215 ## - ФИЗИЧЕСКАЯ ХАРАКТЕРИСТИКА
Специфическое обозначение материала и объем 146 с.
Размеры 20
320 ## - ПРИМЕЧАНИЯ О НАЛИЧИИ В ДОКУМЕНТЕ БИБЛИОГРАФИИ / УКАЗАТЕЛЯ
Текст примечания Библиогр. в тексте и в подстроч. примеч.
601 02 - НАИМЕНОВАНИЕ ОРГАНИЗАЦИИ КАК ПРЕДМЕТ
Начальный элемент ввода Московская хельсинкская группа
Формальный подзаголовок Учебники
Системный номер авторитетной/нормативной записи 2224251
Идентификатор авторитетной/нормативной записи RU\NLR\AUTH\661335372
606 1# - НАИМЕНОВАНИЕ ТЕМЫ КАК ПРЕДМЕТ
Наименование темы Диссиденты
Формальный подзаголовок Учебники
Географический подзаголовок СССР
Системный номер авторитетной/нормативной записи 1202620
Идентификатор авторитетной/нормативной записи RU\NLR\AUTH\66168804
606 ## - НАИМЕНОВАНИЕ ТЕМЫ КАК ПРЕДМЕТ
Наименование темы Правозащитное движение
Географический подзаголовок СССР
Формальный подзаголовок Учебники
Идентификатор авторитетной/нормативной записи RU\NLR\AUTH\661270247
Системный номер авторитетной/нормативной записи 2100159
610 0# - НЕКОНТРОЛИРУЕМЫЕ ПРЕДМЕТНЫЕ ТЕРМИНЫ
Предметный термин Общественные движения
610 0# - НЕКОНТРОЛИРУЕМЫЕ ПРЕДМЕТНЫЕ ТЕРМИНЫ
Предметный термин Политические партии
686 ## - ИНДЕКСЫ ДРУГИХ КЛАССИФИКАЦИЙ
Индекс 63.3(2)633-4
Издание LBC/M
Код системы
686 1# - ИНДЕКСЫ ДРУГИХ КЛАССИФИКАЦИЙ
Индекс Ф3(2)600
686 1# - ИНДЕКСЫ ДРУГИХ КЛАССИФИКАЦИЙ
Индекс Т3(2)73-4я7
700 #1 - ИМЯ ЛИЦА - ПЕРВИЧНАЯ ОТВЕТСТВЕННОСТЬ
Начальный элемент ввода Лакизо
Часть имени, кроме начального элемента ввода Л. И.
Расширение инициалов личного имени Любовь Ивановна
801 #0 - ИСТОЧНИК ЗАПИСИ
Страна российская федерация
Организация Донская ГПБ
Дата составления 20150217
Правила каталогизации rcr
801 #1 - ИСТОЧНИК ЗАПИСИ
Страна российская федерация
Организация Донская ГПБ
Дата составления 20150217
Источник данных rusmarc
801 #2 - ИСТОЧНИК ЗАПИСИ
Страна российская федерация
Организация Донская ГПБ
Дата составления 20150311
Источник данных rusmarc
942 ## - ДОПОЛНИТЕЛЬНЫЕ ЭЛЕМЕНТЫ ЗАПИСИ (АБИС)
Тип экземпляра АБИС Книга
980 ## - КОЛЛЕКЦИЯ
Название коллекции НБР

Нет доступных экземпляров.